书目信息 |
| 题名: |
入骨相思知不知
|
|
| 作者: | 陈靖文 著 | |
| 分册: | ||
| 出版信息: | 北京 石油工业出版社 2018 |
|
| 页数: | 232页 | |
| 开本: | 21cm | |
| 丛书名: | 信封里的民国系列 | |
| 单 册: | ||
| 中图分类: | I266.5 | |
| 科图分类: | ||
| 主题词: | 书信集--shu xin ji--中国--民国 | |
| 电子资源: | ||
| ISBN: | 978-7-5183-2208-4 | |
| 000 | 00980nam 2200265 450 | |
| 001 | 012001007425 | |
| 005 | 20140101142444.0 | |
| 010 | @a978-7-5183-2208-4@dCNY38.00 | |
| 099 | @aCAL 012018059381 | |
| 100 | @a20180523d2018 em y0chiy50 ea | |
| 101 | 0 | @achi |
| 102 | @aCN@b110000 | |
| 105 | @ay z 000ey | |
| 106 | @ar | |
| 200 | 1 | @a入骨相思知不知@Aru gu xiang si zhi bu zhi@f陈靖文著 |
| 210 | @a北京@c石油工业出版社@d2018 | |
| 215 | @a232页@d21cm | |
| 225 | 2 | @a信封里的民国系列@Axin feng li de min guo xi lie |
| 330 | @a本书以情感为主题, 对一些名人书信进行了细致而深入的分析整理, 并在此基础上对每一封信件所涉及的爱人之间的历史背景、历史人物、历史故事、轶事、趣事进行了温情而细致的叙述, 结合人物生平的小传, 使读者能够对书信有一个全面了解。 | |
| 410 | 0 | @12001 @a信封里的民国系列 |
| 606 | 0 | @a书信集@Ashu xin ji@y中国@z民国 |
| 690 | @aI266.5@v5 | |
| 701 | 0 | @a陈靖文@Achen jing wen@4著 |
| 801 | 2 | @aCN@b上海新华@c20191020 |
| 905 | @b1133414-7@dI266.5@e3498@f4 | |
| 入骨相思知不知/陈靖文著.-北京:石油工业出版社,2018 |
| 232页;21cm.-(信封里的民国系列) |
| ISBN 978-7-5183-2208-4:CNY38.00 |
| 本书以情感为主题, 对一些名人书信进行了细致而深入的分析整理, 并在此基础上对每一封信件所涉及的爱人之间的历史背景、历史人物、历史故事、轶事、趣事进行了温情而细致的叙述, 结合人物生平的小传, 使读者能够对书信有一个全面了解。 |
| ● |
| 相关链接 |
|
|
|
|
正题名:入骨相思知不知
索取号:I266.5/3498
 
预约/预借
| 序号 | 登录号 | 条形码 | 馆藏地/架位号 | 状态 | 备注 |
| 1 | 1133414 | 211334144 | 第一样本阅览室/ [索取号:I266.5/3498] | 在馆 | |
| 2 | 1133415 | 211334153 | 第二借阅区/ [索取号:I266.5/3498] | 在馆 | |
| 3 | 1133416 | 211334162 | 第二借阅区/ [索取号:I266.5/3498] | 在馆 | |
| 4 | 1133417 | 211334171 | 第二借阅区/ [索取号:I266.5/3498] | 在馆 |